Wind power plants and project development / (Record no. 96891)

MARC details
000 -LEADER
fixed length control field 00703nam a22002177a 4500
005 - DATE AND TIME OF LATEST TRANSACTION
control field 20151021115048.0
010 ## - LCCN (DPL NO)
LC control number ENG-114045
020 ## - INTERNATIONAL STANDARD BOOK NUMBER
Terms of availability 1495.00
International Standard Book Number 9788120351271
035 ## - SYSTEM CONTROL NUMBER
System control number EN-97577
037 ## - SOURCE OF ACQUISITION
Source of stock number/acquisition DBAD/PUB
082 ## - DEWEY DECIMAL CLASSIFICATION NUMBER
Classification number 621.45
100 ## - MAIN ENTRY--PERSONAL NAME
Personal name Earnest, Joshua
245 ## - TITLE STATEMENT
Title Wind power plants and project development /
Statement of responsibility, etc by Joshua Earnest [and] Tore Wizelius
250 ## - EDITION STATEMENT
Edition statement 2nd ed
260 ## - PUBLICATION, DISTRIBUTION, ETC. (IMPRINT)
Place of publication, distribution, etc New Delhi
Name of publisher, distributor, etc PHI Learning
Date of publication, distribution, etc 2015
270 ## - ADDRESS
Address Rimjhim House,111, Patparganj Industrial Estate
City New Delhi
Postal code 110092
300 ## - PHYSICAL DESCRIPTION
Extent xxiv,504p.:
Dimensions 29cm(Hb)
Other physical details ill.
500 ## - GENERAL NOTE
General note Includes bibliographical references and index
700 ## - ADDED ENTRY--PERSONAL NAME
Personal name Wizelius, Tore
942 ## - ADDED ENTRY ELEMENTS (KOHA)
Source of classification or shelving scheme Dewey Decimal Classification
Item type English Books
Call number suffix EAR
Classification part 621.45
Holdings
Withdrawn status Lost status Not for loan Collection code Home library Current library Date acquired Source of acquisition Cost, normal purchase price Full call number Barcode Copy number Cost, replacement price Koha item type
    Not For Loan Non-fiction D.B.Act.Division D.B.Act.Division 14/09/2015 DBAD/PUB 1495.00 621.45 EAR EN-97577 1 1495.00 English Books

© Delhi Public Library
Hit Counter
free hit counter